The value of the customer relationship /

Bibliographic Details
Main Author: Angelini, Antonella, (Author)
Format: eBook
Language:English
Published: Torino : G. Giappichelli Editore, [2018]
Subjects:
Online Access:Click to View
LEADER 01503nam a2200385 i 4500
001 EBC5413436
003 MiAaPQ
005 20200520144314.0
006 m o d |
007 cr cnu||||||||
008 180803s2018 it o 000 0 eng d
020 |z 9788892114432 
020 |a 9788892175211  |q (electronic bk.) 
035 |a (MiAaPQ)EBC5413436 
035 |a (Au-PeEL)EBL5413436 
035 |a (CaPaEBR)ebr11573983 
035 |a (OCoLC)1039095547 
040 |a MiAaPQ  |b eng  |e rda  |e pn  |c MiAaPQ  |d MiAaPQ 
050 4 |a HF5415  |b .A544 2018 
082 0 |a 658.8  |2 23 
100 1 |a Angelini, Antonella,  |e author. 
245 1 4 |a The value of the customer relationship /  |c Antonella Angelini. 
264 1 |a Torino :  |b G. Giappichelli Editore,  |c [2018] 
264 4 |c 2018 
300 |a 1 online resource (121 pages) 
336 |a text  |b txt  |2 rdacontent 
337 |a computer  |b c  |2 rdamedia 
338 |a online resource  |b cr  |2 rdacarrier 
588 |a Description based on print version record. 
590 |a Electronic reproduction. Ann Arbor, MI : ProQuest, 2018. Available via World Wide Web. Access may be limited to ProQuest affiliated libraries. 
650 0 |a Marketing  |x Strategy. 
655 4 |a Electronic books. 
776 0 8 |i Print version:  |a Angelini, Antonella.  |t Value of the customer relationship.  |d Torino : G. Giappichelli Editore, c2018   |h 121 pages   |z 9788892114432 
797 2 |a ProQuest (Firm) 
856 4 0 |u https://ebookcentral.proquest.com/lib/matrademy/detail.action?docID=5413436  |z Click to View